LEADER 00842nas a2200229 i 4500 001 000000159209 003 CaOOAMICUS 005 20070910000000.0 008 070220b2006 it uu u0 0mul r 013 $a136572 040 $aSeMil$bita 245 10$a2006 : [2]. 260 $aRoma :$bCongregazione per il Clero,$c2006 (stampa 2007) 300 $a138 p. ;$c24 cm. 500 $aContiene : Indici Generali delle Annate 1.-12. (1995-2006). 773 0 $tSacrum Ministerium.$dRoma : [s.n.], 1995.$w()3149 774 0 $t[vedi periodico].$w()265911 850 $aSeMil 852 $aSeMil$W1$xVenegono$y1$m205 6 33$j110767$B110767$CSeMilBibl$Z2$F122556 $85 961 $aCambio: Scuola Cattolica 996 $6245$a2006 : [2]$9(OLS)http://semarc/title/140716 996 $6260$aRoma :$bCongregazione per il Clero$9(OLS)http://semarc/publisher/44165 LEADER 01313nam a2200301 i 4500 001 000000053098 003 CaOOAMICUS 005 20120215000000.0 008 120215s1987 it u000 u ita u 013 $a24270 020 $a88-04-291814-6 040 $aSeMil$bita 100 1 $aHappold, Frederick Crossfield <1893-1971>.$0(OLS)http://semarc/name/23232 240 10$aMysticism.$0(OLS)http://semarc/title/81712 245 10$aMisticismo :$bstudio e antologia /$cF. C. Happold ; traduzione di Claudio Lamparelli. 260 $aMilano :$bArnoldo Mondadori Editore,$c1987. 300 $a410 p. ;$c19 cm. 490 0 $aUomini e religioni ;$v28 650 4$aMistica cristiana - Testi.$0(OLS)http://semarc/subject/5245 650 4$aMisticismo.$0(OLS)http://semarc/subject/1551 700 1 $aLamparelli, Claudio.$0(OLS)http://semarc/name/4556 830 0$aUomini e religioni ;$v28.$0(OLS)http://semarc/title/8364 850 $aSeMil 852 $aSeMil$W1$xVenegono$y1$m2C II 546$j256087$B19252$CSeMilBibl$Z2$F19254 $81 961 $aOmaggio: Agenzia internazionale 996 $6020$a88-04-291814-6$9(OLS)http://semarc/number/27671 996 $6245$aMisticismo :$bstudio e antologia$9(OLS)http://semarc/title/81711 996 $6260$aMilano :$bArnoldo Mondadori Editore$9(OLS)http://semarc/publisher/30056